000
00266nam a22000977a 4500
999
_c
11808
_d
11808
008
200220b ||||| |||| 00| 0 eng d
020
_a
0570061245
100
_a
Head Constance
_9
7488
245
_a
The Man Who Carried the Cross for Jesus
260
_a
USA
_b
Arch Books
_c
1979